Confidencias / (Record no. 184739)

MARC details
000 -LEADER
campo de control de longitud fija 00559nam a2200181 i 4500
001 - NÚMERO DE CONTROL
campo de control 184739
003 - IDENTIFICADOR DE NÚMERO DE CONTROL
campo de control ES-MaACL
005 - FECHA Y HORA DE LA ÚLTIMA TRANSACCIÓN
campo de control 20241215155558.0
008 - DATOS DE LONGITUD FIJA--INFORMACIÓN GENERAL
campo de control de longitud fija 151123s1891 sp |||| | spa d
100 1# - ENTRADA PRINCIPAL--NOMBRE DE PERSONA
Nombre de persona Ravenet, Joaquín.
9 (RLIN) 158202
245 10 - MENCIÓN DEL TÍTULO
Título Confidencias /
Mención de responsabilidad, etc. Joaquín Ravenet.
260 ## - PUBLICACIÓN, DISTRIBUCIÓN, ETC.
Lugar de publicación, distribución, etc. Madrid :
Nombre del editor, distribuidor, etc. [s.n.],
Fecha de publicación, distribución, etc. 1891 (
Fabricante Imp. y fundición de M. Tello)
300 ## - DESCRIPCIÓN FÍSICA
Extensión 196 p. ;
Dimensiones 17 cm.
500 ## - NOTA GENERAL
Nota general Es el tomo I.
852 ## - LOCALIZACIÓN
Ubicación ES-MaACL
Número de control de estantería T-1116-F-2
Nota libre .- Enc. en un vol. facticio conservando la cub. original
942 ## - ELEMENTOS DE ENTRADA SECUNDARIOS (KOHA)
Fuente del sistema de clasificación o colocación Clasificación decimal universal
Holdings
Estatus retirado Estado de pérdida Fuente del sistema de clasificación o colocación Estado de daño No para préstamo Colección Biblioteca de origen Biblioteca actual Ubicación en estantería Fecha de adquisición Total de préstamos Signatura topográfica completa Código de barras Visto por última vez Precio de reemplazo Tipo de ítem Koha
    Clasificación decimal universal     Colección de folletos Biblioteca del Ateneo de Madrid Biblioteca del Ateneo de Madrid Depósito folletos 23/11/2015   T-1116-F-2 1194521 23/02/2023 23/02/2023 Folleto